书目信息 |
| 题名: |
青少年电脑大全
|
|
| 作者: | 王静宜 , 阎启新 编著 | |
| 分册: | ||
| 出版信息: | 北京 知识出版社 1994 |
|
| 页数: | 324页 | |
| 开本: | 19cm | |
| 丛书名: | ||
| 单 册: | ||
| 中图分类: | TP36-49 , G633.67 | |
| 科图分类: | ||
| 主题词: | 教育--各级 , 微型计算机--少年读物 | |
| 电子资源: | ||
| ISBN: | 7-5015-1101-2 | |
| 000 | 00753nam0 2200253 45 | |
| 001 | 0196029424 | |
| 005 | 20070719142959.28 | |
| 010 | @a7-5015-1101-2@b精装@dCNY8.50 | |
| 100 | @a19960727d1994 am y0chiy0121 ea | |
| 101 | 0 | @achi |
| 102 | @aCN@b110000 | |
| 105 | @af z 000yy | |
| 200 | 10 | @a青少年电脑大全@AQING SHAO NIAN DIAN NAO DA QUAN@f王静宜,阎启新编著@FWANG JING YI , YAN QI XIN BIANZHU |
| 210 | @a北京@c知识出版社@d1994 | |
| 215 | @a324页@c插图@d19cm | |
| 540 | 1 | @a电脑@ADIAN NAO |
| 606 | 0 | @a教育@x各级 |
| 606 | @a微型计算机@x少年读物 | |
| 690 | @aTP36-49@v3 | |
| 690 | @aG633.67 | |
| 701 | 0 | @a王静宜@AWANG JING YI@4编著 |
| 701 | 0 | @a阎启新@AYAN QI XIN@4编著 |
| 801 | 0 | @aCN@bNLC@c20070719 |
| 905 | @f9@b258791-799@dG633.67@e221 | |
| 青少年电脑大全/王静宜,阎启新编著.-北京:知识出版社,1994 |
| 324页:插图;19cm |
| ISBN 7-5015-1101-2(精装):CNY8.50 |
| ● |
| 相关链接 |
|
|
|
|
正题名:青少年电脑大全
索取号:G633.67/221
 
预约/预借
| 序号 | 登录号 | 条形码 | 馆藏地/架位号 | 状态 | 备注 |
| 1 | 0258791 | 000622268 | 密集书库/ [索取号:G633.67/221] | 在馆 | |
| 2 | 0258792 | 000622295 | 第四借阅区/ [索取号:G633.67/221] | 在馆 | |
| 3 | 0258793 | 000622213 | 密集书库/ [索取号:G633.67/221] | 在馆 | |
| 4 | 0258794 | 000622277 | 密集书库/ [索取号:G633.67/221] | 在馆 | |
| 5 | 0258795 | 000622286 | 第一样本阅览室/ [索取号:G633.67/221] | 在馆 | |
| 6 | 0258796 | 001471295 | 密集书库/ [索取号:G633.67/221] | 在馆 | |
| 7 | 0258797 | 000622366 | 密集书库/ [索取号:G633.67/221] | 在馆 | |
| 8 | 0258798 | 000622302 | 第四借阅区/ [索取号:G633.67/221] | 在馆 | |
| 9 | 0258799 | 000622400 | 密集书库/ [索取号:G633.67/221] | 在馆 | |
| 10 | 0767318 | 207673187 | 密集书库/ [索取号:G633.67/221] | 在馆 | |
| 11 | 0782814 | 207828145 | 密集书库/ [索取号:G633.67/221] | 在馆 |